000 00538nam a2200181Ia 4500
001 17983
005 20260306171557.0
008 260306s9999||||xx |||||||||||||| ||und||
041 _aESP
082 _a658.3
_bV66
100 _aVilla Casal, Juan Pablo
_eAUT
245 0 _aManual de coaching:
_b(guía práctica). Coaching ejecutivo, cómo se hace herramientas de evaluación y desarrollo. Ejercicios prácticos
260 _c2010
300 _a208 páginas :
_c23 cm.
650 _aGEN
654 _aCAN
942 _cLIB
_dJUS
_fJUS
_2ddc
_n
999 _c17983
_d17983